[Event "GBR-ch84"]
[Site "Hove"]
[Date "1997.08.15"]
[Round "11"]
[White "Regan, Natasha K"]
[Black "Sheldon, Ruth"]
[Result "0-1"]
[WhiteElo "2170"]
[BlackElo "2295"]
[PlyCount "72"]
[EventDate "1997.08.04"]
[EventType "swiss"]
[EventRounds "11"]
[EventCountry "GBR"]
[SourceTitle "BritBase"]
[Source "John Saunders"]
[SourceDate "2024.07.04"]
[SourceVersion "1"]
[SourceVersionDate "2024.07.04"]
[SourceQuality "1"]

1. e4 c5 2. d4 cxd4 3. c3 dxc3 4. Nxc3 Nc6 5. Nf3 e6 6. Bc4 Qc7 7. Qe2 a6 8. e5
Nge7 9. Bf4 Ng6 10. Bg3 d6 11. exd6 Bxd6 12. Bxd6 Qxd6 13. Rd1 Qe7 14. O-O O-O
15. Qe4 Bd7 16. h4 b5 17. Bb3 Na5 18. h5 Bc6 19. Qg4 Bxf3 20. Qxf3 Nh4 21. Qe4
Nxb3 22. axb3 Nf5 23. Nd5 Qc5 24. Qf3 Rad8 25. b4 Qa7 26. Nf4 Rd4 27. Nd3 Rfd8
28. Ne5 Qc7 29. Ng4 h6 30. Rc1 Qd6 31. Rc6 Qxb4 32. Ne5 Rf4 33. Qh3 Rh4 34. Qf3
Rf4 35. Qh3 Rh4 36. Qf3 Qxb2 0-1

[Event "GBR-ch84"]
[Site "Hove"]
[Date "1997.08.15"]
[Round "11"]
[White "Roktim, Bandyo"]
[Black "Coleman, David J"]
[Result "1-0"]
[WhiteElo "2275"]
[BlackElo "2230"]
[PlyCount "59"]
[EventDate "1997.08.04"]
[EventType "swiss"]
[EventRounds "11"]
[EventCountry "GBR"]
[SourceTitle "BritBase"]
[Source "John Saunders"]
[SourceDate "2024.07.04"]
[SourceVersion "1"]
[SourceVersionDate "2024.07.04"]
[SourceQuality "1"]

1. Nf3 c5 2. g3 g6 3. Bg2 Bg7 4. O-O Nc6 5. c3 e5 6. d3 d6 7. a3 h5 8. b4 f5 9.
Qb3 Nf6 10. Nh4 Ne7 11. Bg5 Qc7 12. Nd2 Rb8 13. e4 b5 14. bxc5 dxc5 15. f4 c4
16. dxc4 bxc4 17. Qxc4 Qb6+ 18. Kh1 Ba6 19. Qa2 Bxf1 20. Rxf1 Ng4 21. Bxe7 Kxe7
22. exf5 gxf5 23. Nxf5+ Kf8 24. Nd6 Nh6 25. fxe5+ Ke7 26. N2c4 Qa6 27. Qd2 Rhg8
28. Qg5+ Ke6 29. Rf6+ Kd7 30. e6+ 1-0

[Event "GBR-ch84"]
[Site "Hove"]
[Date "1997.08.15"]
[Round "11"]
[White "Turner, Matthew J"]
[Black "Kinsman, Andrew PH"]
[Result "1/2-1/2"]
[WhiteElo "2445"]
[BlackElo "2395"]
[PlyCount "47"]
[EventDate "1997.08.04"]
[EventType "swiss"]
[EventRounds "11"]
[EventCountry "GBR"]
[SourceTitle "BritBase"]
[Source "John Saunders"]
[SourceDate "2024.07.04"]
[SourceVersion "1"]
[SourceVersionDate "2024.07.04"]
[SourceQuality "1"]

1. c4 e6 2. Nc3 b6 3. Nf3 Bb7 4. e3 f5 5. Be2 Nf6 6. b3 Be7 7. Bb2 O-O 8. Qc2
a5 9. a3 Na6 10. d4 Ne4 11. O-O d6 12. Nd2 Nxd2 13. Qxd2 Bf6 14. Rae1 Qe8 15.
Qd1 Rb8 16. Bf3 Bxf3 17. Qxf3 c6 18. Qe2 Nc7 19. Qd3 d5 20. Rc1 Qd7 21. Rfd1
Be7 22. Ne2 Rfc8 23. Rc2 Ne8 24. Rdc1 1/2-1/2

[Event "GBR-ch84 playoff"]
[Site "Hove"]
[Date "1997.08.16"]
[Round "3"]
[White "Sadler, Matthew D"]
[Black "Emms, John M"]
[Result "1-0"]
[WhiteElo "2665"]
[BlackElo "2530"]
[PlyCount "139"]
[EventDate "1997.08.16"]
[EventType "tourn (rapid)"]
[EventRounds "3"]
[EventCountry "GBR"]

1. d4 Nf6 2. c4 e6 3. Nc3 Bb4 4. e3 O-O 5. Bd3 c5 6. Nf3 d5 7. O-O cxd4 8. exd4
dxc4 9. Bxc4 a6 10. Bg5 b5 11. Bb3 Bb7 12. Qe2 Bxc3 13. bxc3 Nbd7 14. Ne5 Qc7
15. Nxd7 Nxd7 16. Rac1 h6 17. Bd2 Nf6 18. Rfe1 Qc6 19. f3 Rad8 20. Qf2 Rfe8 21.
Re5 Nd7 22. Rh5 Nf6 23. Rh3 e5 24. Bxh6 gxh6 25. Rxh6 Ng4 26. Rxc6 Nxf2 27. Rc7
Nh3+ 28. gxh3 Bd5 29. Bxd5 Rxd5 30. Re1 Re6 31. Rxe5 Rexe5 32. dxe5 Rxe5 33.
Kf2 Re6 34. c4 bxc4 35. Rxc4 Kg7 36. h4 Re5 37. Kg3 Ra5 38. a4 Rd5 39. h3 Re5
40. Kg4 Rd5 41. f4 Ra5 42. Rb4 Rc5 43. Rd4 Ra5 44. Kf3 Rh5 45. Ke4 Ra5 46. Kd3
Rh5 47. Ke4 Ra5 48. Rb4 Rh5 49. Kd4 Rxh4 50. Kc5 Rxh3 51. Kb6 Rh6+ 52. Ka7 Rf6
53. a5 Kh7 54. Kb7 Kg7 55. Rc4 Kh7 56. Rc6 Rxf4 57. Kxa6 f6 58. Kb7 Kg6 59. a6
Rb4+ 60. Rb6 Re4 61. a7 Re8 62. Ka6 Re1 63. Rb5 Re6+ 64. Ka5 Re1 65. Rb4 Re5+
66. Ka4 Re8 67. Rb8 Re1 68. a8=Q Ra1+ 69. Kb3 Rxa8 70. Rxa8 1-0

[Event "GBR-ch84 Major Open"]
[Site "Hove"]
[Date "1997.08.04"]
[Round "1"]
[White "Humphreys, Jerry G"]
[Black "Stephenson, Frederick Norman"]
[Result "1/2-1/2"]
[WhiteElo "1968"]
[BlackElo "2190"]
[Annotator "Stephenson, FN"]
[PlyCount "147"]
[EventDate "1997.08.04"]
[EventType "swiss"]
[EventRounds "11"]
[EventCountry "GBR"]
[SourceTitle "BritBase"]
[Source "John Saunders"]
[SourceDate "2024.07.22"]
[SourceVersion "1"]
[SourceVersionDate "2024.07.22"]
[SourceQuality "1"]

1. e4 c5 2. Nf3 e6 3. d4 cxd4 4. Nxd4 Nf6 5. Nc3 d6 6. Be2 Be7 7. Be3 O-O 8.
O-O Nc6 9. f4 e5 10. Nxc6 bxc6 11. Qe1 exf4 12. Bxf4 Qb6+ 13. Kh1 Qxb2 14. Qg3
Kh8 15. Bxd6 Bxd6 16. Qxd6 Be6 17. Qg3 Qxc2 18. Rac1 Qd2 19. Rcd1 Qh6 20. Qc7
Bg4 21. Qxc6 Rac8 22. Qd6 Bxe2 23. Nxe2 Qe3 24. Rxf6 Qxe2 25. e5 Qg4 ({Time
trouble} 25... Kg8 {secures Black's advantage.}) 26. Rf2 h6 27. h3 Qg5 28. Rfd2
Rce8 29. Qc5 a6 30. Rd5 Qf5 31. Qa3 Qc2 32. R5d2 Qc4 33. Rd4 Qe2 34. R4d3 Qxe5
35. Qxa6 Ra8 36. Qc4 Qe2 37. a4 Rac8 38. Qd4 Rc2 39. R3d2 Rxd2 40. Rxd2 Qe1+
41. Kh2 Ra8 42. a5 Qe6 43. Qd5 Qa6 44. Ra2 Ra7 45. Ra3 Kg8 46. Qe5 f6 {Already
thinking about the fortress!} 47. Qd5+ Kh8 48. Ra1 Kh7 49. Qf5+ Kg8 50. Kh1 Ra8
51. Rc1 Qxa5 52. Rc8+ Rxc8 53. Qxa5 Re8 54. Qd5+ Kh7 55. Qf7 Re5 56. h4 h5 57.
Kh2 Kh8 58. Kg3 Kh7 59. Qf8 Kh6 60. Kf4 Kg6 61. Qh8 Rf5+ 62. Ke4 Re5+ 63. Kd4
Kf7 64. Qh7 Kf8 65. Qg6 Kg8 66. g4 hxg4 67. Qxg4 Kh7 68. Qd7 Rh5 69. Qh3 Re5
70. Qc8 Rh5 71. Qf8 Rxh4+ 72. Kd5 Rh6 73. Qe8 f5 74. Qf7 {Source: Norman
Stephenson} 1/2-1/2

[Event "GBR-ch84 Major Open"]
[Site "Hove"]
[Date "1997.08.04"]
[Round "1"]
[White "White, Michael"]
[Black "Tebb, David J"]
[Result "0-1"]
[WhiteElo "1920"]
[BlackElo "2280"]
[PlyCount "114"]
[EventDate "1997.08.04"]
[EventType "swiss"]
[EventRounds "11"]
[EventCountry "GBR"]
[SourceTitle "BritBase"]
[Source "John Saunders"]
[SourceDate "2024.07.22"]
[SourceVersion "1"]
[SourceVersionDate "2024.07.22"]
[SourceQuality "1"]

1. e4 c5 2. Nc3 Nc6 3. g3 g6 4. Bg2 Bg7 5. d3 e6 6. Be3 Nd4 7. Nce2 Nxe2 8.
Nxe2 Bxb2 9. Rb1 Bg7 10. Bxc5 d6 11. Bb4 Ne7 12. O-O O-O 13. Qc1 Nc6 14. Qa3
Nxb4 15. Rxb4 Qg5 16. Nf4 Be5 17. Nh3 Qd2 18. Rc4 d5 19. exd5 exd5 20. Qb4 Qxb4
21. Rxb4 Rb8 22. Nf4 Bxf4 23. Rxf4 Be6 24. Rd4 Rfd8 25. Ra4 a6 26. Rb1 Rdc8 27.
c4 dxc4 28. dxc4 Rxc4 29. Rxa6 bxa6 30. Rxb8+ Kg7 31. h4 Rc1+ 32. Kh2 Ra1 33.
Rb2 Rxa2 34. Rxa2 Bxa2 35. Kg1 Bc4 36. Bc6 Kf6 37. Kg2 Ke5 38. Ba4 Kd4 39. Kf3
Kc3 40. g4 Bb5 41. Bd1 a5 42. Kf4 Bc4 43. Kg5 Bb3 44. Bxb3 Kxb3 45. Kf6 a4 46.
Kxf7 a3 47. Kg7 a2 48. Kxh7 a1=Q 49. Kxg6 Qa6+ 50. Kh5 Qf6 51. g5 Qxf2 52. g6
Qf6 53. Kh6 Qxh4+ 54. Kg7 Kc4 55. Kg8 Kd5 56. g7 Ke6 57. Kf8 Qd8# 0-1

[Event "GBR-ch84 Major Open"]
[Site "Hove"]
[Date "1997.08.04"]
[Round "1"]
[White "Menadue, Jeremy FS"]
[Black "Costley, Martin Owen"]
[Result "1/2-1/2"]
[WhiteElo "2112"]
[BlackElo "2008"]
[PlyCount "102"]
[EventDate "1997.08.04"]
[EventType "swiss"]
[EventRounds "11"]
[EventCountry "GBR"]
[SourceTitle "BritBase"]
[Source "John Saunders"]
[SourceDate "2024.07.22"]
[SourceVersion "1"]
[SourceVersionDate "2024.07.22"]
[SourceQuality "1"]

1. d4 d5 2. c4 e6 3. Nc3 Be7 4. cxd5 exd5 5. Nf3 c6 6. Qc2 Nf6 7. Bg5 O-O 8. e3
Ne4 9. Bxe7 Qxe7 10. Bd3 Bf5 11. Bxe4 Bxe4 12. Nxe4 Qxe4 13. Qxe4 dxe4 14. Ne5
Rd8 15. Rc1 Nd7 16. Nxd7 Rxd7 17. Rc5 Rd5 18. Rxd5 cxd5 19. Kd2 Rc8 20. f3 f5
21. Rf1 g6 22. g4 Kg7 23. gxf5 gxf5 24. fxe4 fxe4 25. Rf5 Rd8 26. Kc3 a5 27. a4
Rc8+ 28. Kd2 Rd8 29. h4 Kg6 30. Re5 Kf6 31. Kc2 Rc8+ 32. Kb3 Rd8 33. Ka3 Rg8
34. Rxd5 Rg3 35. Rxa5 Rxe3+ 36. Kb4 Rh3 37. h5 e3 38. Re5 e2 39. Rxe2 Rxh5 40.
Kc4 Rh1 41. d5 h5 42. Kc5 h4 43. Kd6 h3 44. Rf2+ Kg5 45. Rf7 Ra1 46. Rh7 Kg4
47. Kc7 Rxa4 48. d6 Rc4+ 49. Kxb7 Rb4+ 50. Kc8 Rxb2 51. d7 Rd2 1/2-1/2

[Event "GBR-ch84 Major Open"]
[Site "Hove"]
[Date "1997.08.04"]
[Round "1"]
[White "Devereaux, Maxim L"]
[Black "Richards, Heather S"]
[Result "1-0"]
[WhiteElo "2152"]
[BlackElo "1880"]
[PlyCount "97"]
[EventDate "1997.08.04"]
[EventType "swiss"]
[EventRounds "11"]
[EventCountry "GBR"]
[SourceTitle "BritBase"]
[Source "John Saunders"]
[SourceDate "2024.07.22"]
[SourceVersion "1"]
[SourceVersionDate "2024.07.22"]
[SourceQuality "1"]

1. e4 e6 2. d4 d5 3. Nd2 c5 4. exd5 Qxd5 5. Ngf3 cxd4 6. Bc4 Qd6 7. O-O Nf6 8.
Nb3 Nc6 9. Nbxd4 Nxd4 10. Nxd4 Bd7 11. b3 a6 12. a4 Qc7 13. Re1 Bd6 14. h3 O-O
15. Bb2 Rad8 16. Qf3 e5 17. Nf5 Bxf5 18. Qxf5 Qd7 19. Qxd7 Nxd7 20. Rad1 Bc7
21. Ba3 Rfe8 22. Bd5 Rb8 23. Bxf7+ Kxf7 24. Rxd7+ Kg6 25. Rxc7 b5 26. Rc6+ Kf7
27. Rxa6 bxa4 28. Rxa4 Rbc8 29. c4 Rc6 30. Ra5 Rb8 31. Re3 Rcb6 32. b4 Rc6 33.
c5 Rd8 34. b5 Re6 35. Ra7+ Kf6 36. c6 e4 37. Bb2+ Kg6 38. Rg3+ Kf5 39. Rf7+ Rf6
40. Bxf6 gxf6 41. c7 Rd1+ 42. Kh2 Rc1 43. b6 Ke6 44. Rgg7 Rc6 45. b7 Rc5 46.
c8=Q+ Rxc8 47. bxc8=Q+ Ke5 48. Qc5+ Ke6 49. Re7# 1-0

[Event "GBR-ch84 Major Open"]
[Site "Hove"]
[Date "1997.08.04"]
[Round "1"]
[White "Whitehead, Mark A"]
[Black "Kennaugh, Charles W"]
[Result "1-0"]
[WhiteElo "2030"]
[BlackElo "2300"]
[PlyCount "95"]
[EventDate "1997.08.04"]
[EventType "swiss"]
[EventRounds "11"]
[EventCountry "GBR"]
[SourceTitle "BritBase"]
[Source "John Saunders"]
[SourceDate "2024.07.22"]
[SourceVersion "1"]
[SourceVersionDate "2024.07.22"]
[SourceQuality "1"]

1. e4 e5 2. Nf3 Nc6 3. Bb5 a6 4. Ba4 Nf6 5. O-O Be7 6. Re1 b5 7. Bb3 O-O 8. a4
Rb8 9. axb5 axb5 10. Nc3 d6 11. Nd5 Nxd5 12. exd5 Nd4 13. Nxd4 exd4 14. d3 Bf5
15. Ra7 Qd7 16. Bd2 Rbe8 17. Ra1 Bg4 18. f3 Bh5 19. Re4 f5 20. Rxd4 Bf6 21. Rb4
Bxb2 22. Ra2 Bf6 23. c3 g5 24. d4 f4 25. h3 Re7 26. Qf1 Be8 27. Bc2 Rg7 28. Bd3
Bg6 29. Rxb5 h5 30. Bxg6 Rxg6 31. Qb1 Qg7 32. Rb8 Be7 33. Raa8 Rgf6 34. Rxf8+
Bxf8 35. Qe4 Rf7 36. Re8 Rf6 37. Re6 Qh6 38. h4 gxh4 39. Rxf6 Qxf6 40. Qxf4 Bg7
41. Qxf6 Bxf6 42. Kh2 Kf7 43. Kh3 Ke8 44. f4 Kd7 45. Be1 c5 46. dxc6+ Kxc6 47.
Bxh4 Bh8 48. f5 1-0

[Event "GBR-ch84 Major Open"]
[Site "Hove"]
[Date "1997.08.04"]
[Round "1"]
[White "Macdonald-Ross, Michael"]
[Black "Larski, Stanislav"]
[Result "1-0"]
[WhiteElo "2175"]
[BlackElo "1888"]
[PlyCount "85"]
[EventDate "1997.08.04"]
[EventType "swiss"]
[EventRounds "11"]
[EventCountry "GBR"]
[SourceTitle "BritBase"]
[Source "John Saunders"]
[SourceDate "2024.07.22"]
[SourceVersion "1"]
[SourceVersionDate "2024.07.22"]
[SourceQuality "1"]

1. d4 Nf6 2. Nf3 c5 3. d5 g6 4. Nc3 d6 5. e4 Bg7 6. h3 O-O 7. Be2 a6 8. a4 b6
9. O-O Nbd7 10. Bf4 Bb7 11. Nd2 Ne8 12. Bg3 Nc7 13. Nc4 Rb8 14. Na3 f5 15. exf5
gxf5 16. Qd2 Nf6 17. Rfe1 Kh8 18. Bc4 Qd7 19. Rab1 Nh5 20. Bh4 e5 21. dxe6 Qc6
22. Bf1 f4 23. Nc4 d5 24. e7 Rf5 25. Qd3 Bc8 26. Nxd5 Rxd5 27. e8=Q+ Nxe8 28.
Qxd5 Qxd5 29. Rxe8+ Bf8 30. Rxf8+ Kg7 31. Re8 b5 32. axb5 axb5 33. Re5 Qc6 34.
Rg5+ Kh8 35. Ne5 Qe8 36. Re1 Be6 37. Ng4 Ng7 38. Rxc5 Qf7 39. Nh6 Qg6 40. Ng4
f3 41. Bd3 Bf5 42. Bxf5 Nxf5 43. Rxf5 1-0

[Event "GBR-ch84 Major Open"]
[Site "Hove"]
[Date "1997.08.04"]
[Round "1"]
[White "Almond, Richard JA"]
[Black "Heaton, Paul"]
[Result "1-0"]
[WhiteElo "2125"]
[BlackElo "1824"]
[PlyCount "79"]
[EventDate "1997.08.04"]
[EventType "swiss"]
[EventRounds "11"]
[EventCountry "GBR"]
[SourceTitle "BritBase"]
[Source "John Saunders"]
[SourceDate "2024.07.22"]
[SourceVersion "1"]
[SourceVersionDate "2024.07.22"]
[SourceQuality "1"]

1. d4 Nf6 2. c4 g6 3. Nc3 Bg7 4. e4 d6 5. Nf3 O-O 6. Be2 e5 7. O-O Nc6 8. d5
Ne7 9. Ne1 Nd7 10. f3 f5 11. g4 f4 12. h4 h6 13. Nd3 c6 14. Bd2 cxd5 15. cxd5
Bf6 16. Be1 Kh7 17. Kg2 Ng8 18. Rh1 h5 19. g5 Bxg5 20. hxg5 Qxg5+ 21. Kf1 Ndf6
22. Bh4 Qh6 23. Rg1 Ng4 24. fxg4 hxg4 25. Bxg4 Qxh4 26. Nf2 Qf6 27. Rh1+ Kg7
28. Qf3 g5 29. Bxc8 Raxc8 30. Qh5 Qg6 31. Qh8+ Kf7 32. Rh7+ Ke8 33. Qg7 Qf7 34.
Nb5 Qxg7 35. Rxg7 Rc2 36. Nc7+ Rxc7 37. Rxc7 Ne7 38. Rxb7 Kf7 39. Rc1 Rh8 40.
Rcc7 1-0

[Event "GBR-ch84 Major Open"]
[Site "Hove"]
[Date "1997.08.04"]
[Round "1"]
[White "Brookes, John G"]
[Black "Williams, Leighton"]
[Result "0-1"]
[WhiteElo "2008"]
[BlackElo "2265"]
[PlyCount "76"]
[EventDate "1997.08.04"]
[EventType "swiss"]
[EventRounds "11"]
[EventCountry "GBR"]
[SourceTitle "BritBase"]
[Source "John Saunders"]
[SourceDate "2024.07.22"]
[SourceVersion "1"]
[SourceVersionDate "2024.07.22"]
[SourceQuality "1"]

1. e4 c5 2. Nf3 Nc6 3. d4 cxd4 4. Nxd4 Nf6 5. Nc3 e5 6. Ndb5 d6 7. Bg5 a6 8.
Na3 b5 9. Nd5 Be7 10. Bxf6 Bxf6 11. c3 O-O 12. Nc2 Rb8 13. Be2 Bg5 14. Nce3 Kh8
15. Bg4 Be6 16. O-O g6 17. Qd3 Bxg4 18. Nxg4 f5 19. Nge3 f4 20. Nc2 f3 21. gxf3
Qd7 22. Kh1 Nd8 23. Rg1 Bh6 24. Rg3 Ne6 25. Rag1 Rf7 26. Qf1 Bf4 27. Nxf4 Nxf4
28. Nb4 Nh5 29. Rh3 Rbf8 30. Nxa6 Rxf3 31. Rxf3 Rxf3 32. Nb4 Qf7 33. Rg2 Qf4
34. Qxb5 Qxe4 35. Qe8+ Kg7 36. Qe7+ Rf7 37. Qxd6 Rxf2 38. Qe7+ Rf7 0-1

[Event "GBR-ch84 Major Open"]
[Site "Hove"]
[Date "1997.08.04"]
[Round "1"]
[White "Rattray, Ross B"]
[Black "Dyce, Andrew N"]
[Result "0-1"]
[WhiteElo "1864"]
[BlackElo "2150"]
[PlyCount "70"]
[EventDate "1997.08.04"]
[EventType "swiss"]
[EventRounds "11"]
[EventCountry "GBR"]
[SourceTitle "BritBase"]
[Source "John Saunders"]
[SourceDate "2024.07.22"]
[SourceVersion "1"]
[SourceVersionDate "2024.07.22"]
[SourceQuality "1"]

1. e4 c6 2. c4 d5 3. exd5 cxd5 4. d4 Nf6 5. Nc3 e6 6. Bf4 Bb4 7. Nf3 Ne4 8. Qc2
Qa5 9. cxd5 Nxc3 10. Bd2 Qxd5 11. bxc3 Ba5 12. Bd3 Nc6 13. O-O Bd7 14. Rfe1 Qh5
15. Rac1 Bc7 16. Be4 f5 17. Bxf5 O-O 18. Be4 Rxf3 19. Bxf3 Qxh2+ 20. Kf1 Nxd4
21. cxd4 Bb5+ 22. Qc4 Bxc4+ 23. Rxc4 Rd8 24. Rec1 Bb6 25. Be3 Qd6 26. Bxb7 Qa3
27. Bf3 Qxa2 28. Bg4 Kf7 29. Bh5+ g6 30. Bf3 a5 31. d5 Bxe3 32. fxe3 exd5 33.
Rf4+ Kg8 34. Rc7 Rb8 35. Rc1 Rb1 0-1

[Event "GBR-ch84 Major Open"]
[Site "Hove"]
[Date "1997.08.04"]
[Round "1"]
[White "Crickmore, Neil EG"]
[Black "Lunn, Timothy"]
[Result "1-0"]
[WhiteElo "2168"]
[BlackElo "1888"]
[PlyCount "67"]
[EventDate "1997.08.04"]
[EventType "swiss"]
[EventRounds "11"]
[EventCountry "GBR"]
[SourceTitle "BritBase"]
[Source "John Saunders"]
[SourceDate "2024.07.22"]
[SourceVersion "1"]
[SourceVersionDate "2024.07.22"]
[SourceQuality "1"]

1. d4 Nf6 2. c4 e6 3. Nc3 d5 4. cxd5 exd5 5. Bg5 c6 6. e3 Bf5 7. Nge2 Be7 8.
Ng3 Bg6 9. Bd3 O-O 10. O-O Re8 11. Bxf6 Bxf6 12. Bxg6 hxg6 13. b4 a6 14. a4 a5
15. b5 c5 16. Nge2 cxd4 17. Nxd4 Qd6 18. Qb3 Re5 19. Nf3 Rh5 20. Rad1 Bxc3 21.
Qxc3 Nd7 22. e4 Ne5 23. Nxe5 Rxe5 24. Qd4 Rd8 25. f3 Rh5 26. f4 Qf6 27. h3 Qd6
28. Rd3 Rc8 29. g4 Rh4 30. Kg2 Qc5 31. Qxc5 Rxc5 32. exd5 Kf8 33. d6 Ke8 34.
Re1+ 1-0

[Event "GBR-ch84 Major Open"]
[Site "Hove"]
[Date "1997.08.04"]
[Round "1"]
[White "Okosieme, Iozeph"]
[Black "Gunter, David WW"]
[Result "1-0"]
[WhiteElo "2040"]
[BlackElo "2175"]
[PlyCount "59"]
[EventDate "1997.08.04"]
[EventType "swiss"]
[EventRounds "11"]
[EventCountry "GBR"]
[SourceTitle "BritBase"]
[Source "John Saunders"]
[SourceDate "2024.07.22"]
[SourceVersion "1"]
[SourceVersionDate "2024.07.22"]
[SourceQuality "1"]

1. d4 d6 2. Nf3 Bg4 3. Nbd2 Nd7 4. c3 c6 5. Qc2 Ngf6 6. e3 e5 7. Bd3 Be7 8. a3
O-O 9. Nh4 c5 10. h3 Bh5 11. g4 Bg6 12. Nxg6 fxg6 13. Nf3 Ne8 14. Be4 Rb8 15.
g5 Nc7 16. Qb3+ Kh8 17. h4 c4 18. Qd1 d5 19. Bc2 e4 20. Nh2 Qe8 21. Qg4 Bd6 22.
Bd2 b5 23. Ke2 Qf7 24. Raf1 Qf5 25. Qg2 Bxh2 26. Qxh2 Ne6 27. Bd1 a5 28. Rfg1
Rf7 29. Kf1 Rbf8 30. Bg4 1-0

[Event "GBR-ch84 Major Open"]
[Site "Hove"]
[Date "1997.08.04"]
[Round "1"]
[White "Taylor, Peter P"]
[Black "Brierley, Matthew J"]
[Result "1-0"]
[WhiteElo "2210"]
[BlackElo "1984"]
[PlyCount "57"]
[EventDate "1997.08.04"]
[EventType "swiss"]
[EventRounds "11"]
[EventCountry "GBR"]
[SourceTitle "BritBase"]
[Source "John Saunders"]
[SourceDate "2024.07.22"]
[SourceVersion "1"]
[SourceVersionDate "2024.07.22"]
[SourceQuality "1"]

1. e4 c5 2. Nf3 Nc6 3. d4 cxd4 4. Nxd4 Nf6 5. Nc3 d6 6. Bg5 e6 7. Qd2 a6 8.
O-O-O Bd7 9. f4 b5 10. a3 Qb6 11. Be2 Be7 12. Nxc6 Bxc6 13. e5 dxe5 14. fxe5
Nd5 15. Nxd5 Bxd5 16. Bxe7 Kxe7 17. Qg5+ Kf8 18. Rhf1 Qd8 19. Qf4 Qe7 20. Bh5
g6 21. Qh6+ Kg8 22. Bf3 Bxf3 23. Rxf3 Rd8 24. Rxd8+ Qxd8 25. Rd3 Qe7 26. Rd6 a5
27. g3 b4 28. a4 f5 29. Qd2 1-0

[Event "GBR-ch84 Major Open"]
[Site "Hove"]
[Date "1997.08.04"]
[Round "1"]
[White "Debbage, Leigh J"]
[Black "Parr, David"]
[Result "1-0"]
[WhiteElo "1824"]
[BlackElo "2135"]
[PlyCount "51"]
[EventDate "1997.08.04"]
[EventType "swiss"]
[EventRounds "11"]
[EventCountry "GBR"]
[SourceTitle "BritBase"]
[Source "John Saunders"]
[SourceDate "2024.07.22"]
[SourceVersion "1"]
[SourceVersionDate "2024.07.22"]
[SourceQuality "1"]

1. d4 Nf6 2. c4 g6 3. Nc3 d5 4. Qb3 dxc4 5. Qxc4 Bg7 6. e4 O-O 7. Nf3 a6 8. e5
b5 9. Qb3 Nfd7 10. Be3 c5 11. Qd5 Ra7 12. dxc5 Nxe5 13. Nxe5 Qxd5 14. Nxd5 Bxe5
15. c6 Nxc6 16. Bxa7 Nxa7 17. Nxe7+ Kg7 18. O-O-O Be6 19. Kb1 Re8 20. Nd5 Nc6
21. g3 Bd4 22. Ne3 Bxe3 23. fxe3 Bf5+ 24. Bd3 Rxe3 25. Bxf5 gxf5 26. Rhe1 1-0

[Event "GBR-ch84 Major Open"]
[Site "Hove"]
[Date "1997.08.04"]
[Round "1"]
[White "Osborne, Marcus E"]
[Black "Dougherty, Thomas JS"]
[Result "1-0"]
[WhiteElo "2135"]
[BlackElo "1832"]
[PlyCount "51"]
[EventDate "1997.08.04"]
[EventType "swiss"]
[EventRounds "11"]
[EventCountry "GBR"]
[SourceTitle "BritBase"]
[Source "John Saunders"]
[SourceDate "2024.07.22"]
[SourceVersion "1"]
[SourceVersionDate "2024.07.22"]
[SourceQuality "1"]

1. e4 c5 2. Nf3 d6 3. Nc3 g6 4. d4 cxd4 5. Qxd4 Nf6 6. e5 dxe5 7. Qxd8+ Kxd8 8.
Nxe5 Be6 9. Bf4 Bg7 10. O-O-O+ Kc8 11. Be2 Na6 12. Nc6 Re8 13. Bb5 Bd7 14. Na5
Bxb5 15. Nxb5 b6 16. Nc6 Kb7 17. Ne5 Rac8 18. Rhe1 Nb4 19. c3 Nbd5 20. Bg5 a6
21. Nd4 b5 22. Nxf7 b4 23. Ne6 Bf8 24. Bxf6 exf6 25. Rxd5 bxc3 26. Ned8+ 1-0

[Event "GBR-ch84 Major Open"]
[Site "Hove"]
[Date "1997.08.04"]
[Round "1"]
[White "Mason, Donald J"]
[Black "Duggan, Michael FG"]
[Result "1-0"]
[WhiteElo "2285"]
[BlackElo "2025"]
[PlyCount "49"]
[EventDate "1997.08.04"]
[EventType "swiss"]
[EventRounds "11"]
[EventCountry "GBR"]
[SourceTitle "BritBase"]
[Source "John Saunders"]
[SourceDate "2024.07.22"]
[SourceVersion "1"]
[SourceVersionDate "2024.07.22"]
[SourceQuality "1"]

1. e4 c5 2. Nc3 Nc6 3. g3 g6 4. Bg2 Bg7 5. d3 e6 6. Be3 Nd4 7. Nce2 Ne7 8. c3
Nxe2 9. Nxe2 b6 10. d4 cxd4 11. Bxd4 e5 12. Be3 Bb7 13. O-O O-O 14. Qd6 f5 15.
Bg5 Nc8 16. Qd2 Qc7 17. Rad1 Rf7 18. exf5 gxf5 19. Bd5 Bxd5 20. Qxd5 Qc6 21. f4
Qxd5 22. Rxd5 d6 23. fxe5 dxe5 24. Rd8+ Bf8 25. Bh6 1-0

[Event "GBR-ch84 Major Open"]
[Site "Hove"]
[Date "1997.08.04"]
[Round "1"]
[White "Hebbes, Tim"]
[Black "Cole, Roland B"]
[Result "1-0"]
[WhiteElo "1992"]
[BlackElo "2245"]
[PlyCount "45"]
[EventDate "1997.08.04"]
[EventType "swiss"]
[EventRounds "11"]
[EventCountry "GBR"]
[SourceTitle "BritBase"]
[Source "John Saunders"]
[SourceDate "2024.07.22"]
[SourceVersion "1"]
[SourceVersionDate "2024.07.22"]
[SourceQuality "1"]

1. e4 c5 2. Nf3 d6 3. d4 cxd4 4. Nxd4 Nf6 5. Nc3 g6 6. Bc4 Bg7 7. f3 O-O 8. Be3
Nc6 9. Qd2 Bd7 10. O-O-O Ne5 11. Bb3 Qa5 12. h4 Rfc8 13. h5 Nxh5 14. g4 Nf6 15.
Bh6 Bxh6 16. Qxh6 Rxc3 17. bxc3 Qxc3 18. Kb1 a5 19. Ne2 Qb4 20. g5 Nh5 21. Nf4
Bg4 22. Nd5 Qb5 23. Rxh5 1-0

[Event "GBR-ch84 Major Open"]
[Site "Hove"]
[Date "1997.08.04"]
[Round "1"]
[White "King, Matthew C"]
[Black "Savory, Richard J"]
[Result "1-0"]
[WhiteElo "1728"]
[BlackElo "1992"]
[PlyCount "44"]
[EventDate "1997.08.04"]
[EventType "swiss"]
[EventRounds "11"]
[EventCountry "GBR"]
[SourceTitle "BritBase"]
[Source "John Saunders"]
[SourceDate "2024.07.22"]
[SourceVersion "1"]
[SourceVersionDate "2024.07.22"]
[SourceQuality "1"]

1. e4 c5 2. Nf3 d6 3. d4 cxd4 4. Nxd4 Nf6 5. Nc3 a6 6. Bg5 e6 7. f4 Nbd7 8. Qf3
Be7 9. O-O-O Qc7 10. Be2 b5 11. Bxf6 Nxf6 12. e5 Bb7 13. exf6 Bxf3 14. Bxf3 Rc8
15. fxe7 Qxe7 16. Rhe1 O-O 17. f5 e5 18. Nc6 Qd7 19. Nxe5 Qxf5 20. Nc6 Rce8 21.
Kb1 Qf4 22. Nd5 Rxe1 1-0

[Event "GBR-ch84 Major Open"]
[Site "Hove"]
[Date "1997.08.04"]
[Round "1"]
[White "Young, Melvyn Jack"]
[Black "Shaw, Marc A"]
[Result "0-1"]
[WhiteElo "1800"]
[BlackElo "2115"]
[PlyCount "40"]
[EventDate "1997.08.04"]
[EventType "swiss"]
[EventRounds "11"]
[EventCountry "GBR"]
[SourceTitle "BritBase"]
[Source "John Saunders"]
[SourceDate "2024.07.22"]
[SourceVersion "1"]
[SourceVersionDate "2024.07.22"]
[SourceQuality "1"]

1. e4 c5 2. d4 cxd4 3. c3 dxc3 4. Nxc3 e6 5. Nf3 a6 6. Bc4 Qc7 7. Qe2 Nc6 8.
O-O Bc5 9. e5 d5 10. exd6 Bxd6 11. Ne4 Be7 12. Neg5 Nf6 13. Nxf7 Kxf7 14. Ng5+
Ke8 15. Bxe6 Nd4 16. Bf7+ Kf8 17. Qd3 h6 18. Nh3 Kxf7 19. Qxd4 Bxh3 20. gxh3
Rad8 0-1